000 02846cam a2200301 4500500
005 20260111145821.0
041 _afre
042 _adc
100 1 0 _aPanopoulos, Panayotis
_eauthor
245 0 0 _aRetour au village natal
260 _c2005.
500 _a89
520 _aRésuméCet article aborde le thème des activités culturelles qu’organise sur son lieu d’origine l’Association des Philotiens, association locale ayant, comme la plupart des autres, son siège à Athènes et regroupant des individus originaires du village de Philoti (île de Naxos). L’étude est centrée sur le Grand Bal annuel de l’Association ainsi que sur la « Sérénade » qui clôt la fête. Ce que l’auteur souhaite montrer est, d’une part, la dynamique culturelle et politique portée par ces manifestations ; d’autre part, la volonté du « groupe d’amis » ( parea) de garder son autonomie face au discours homogénéisateur de l’Association et à son emprise sur les conceptions et pratiques locales identitaires.
520 _aThis article studies the cultural activities organized by the Philotians’ Association in its place of origin. This local association is based in Athens, like many others, and is composed of people native of the village of Philoti (Naxos island). The study focusses on the Association’s annual Great Ball and closing « Serenade ». The author shows both the cultural and political dynamism conveyed by these events and the confrontation between the homogenising discourse of the Association and local practices and discourses of ideality.
520 _aZusammenfassungDieser Artikel hat zum Thema die kulturellen Aktivitäten, die durch den Verband der Einwohner von Philoti am Orte seiner Schöpfung veranstaltet werden. Dieser lokale Verband hat ihren Sitz in Athen, wie viele andere, und besteht aus aus Philoti und ihrer Umgebung (Insel Naxos) gebürtigen Leuten. Der Schwerpunkt wird auf den jährlichen grossen Ball des Verbands und seiner Schlussserenade gelegt. Was der Autor zeigen will, ist einerseits die kulturelle und politische Dynamik dieser Veranstaltungen und andererseits den Willen der Freundengruppe ( parea), ihre Autonomie gegenüber der homogenisierenden Rede des Verbands und ihrem Einfluss auf die lokalen Identitätsauffassungen und -praktiken zu bewahren.
690 _afête traditionnelle
690 _aidentité locale
690 _aÎle de naxos
690 _aphiloti
690 _arenouveau culturel
690 _acultural renewal
690 _alocal identity
690 _anaxos island
690 _aphiloti
690 _atraditional feast
786 0 _nEthnologie française | 35 | 2 | 2005-06-01 | p. 243-253 | 0046-2616
856 4 1 _uhttps://shs.cairn.info/revue-ethnologie-francaise-2005-2-page-243?lang=fr&redirect-ssocas=7080
999 _c1636520
_d1636520